00430nam a22001457a 4500008004100000020001800041040005500059080002100114245003000135260004700165300001600212650001300228653001200241700003100253230621b |||||||| |||| 00| 0 eng d a9780865870826 aNational Science LibrarycNational Science Library aR 620.9(038)bM1 aEnergy reference handbook aRockville: bGovernment Institutes, c1981 ax, , 417p.  aScience  aEnergy  aSullivan, Thomas F P (Ed.)